<?xml version="1.0" encoding="UTF-8"?>
<record
    xmlns:xsi="http://www.w3.org/2001/XMLSchema-instance"
    xsi:schemaLocation="http://www.loc.gov/MARC21/slim http://www.loc.gov/standards/marcxml/schema/MARC21slim.xsd"
    xmlns="http://www.loc.gov/MARC21/slim">

  <leader>02260    a2200289   4500</leader>
  <controlfield tag="001">24901</controlfield>
  <controlfield tag="005">20260407155531.0</controlfield>
  <controlfield tag="008">260407a2012    arg                 spa d</controlfield>
  <controlfield tag="003">AR-UNSa-BCEJYS</controlfield>
  <datafield tag="040" ind1=" " ind2=" ">
    <subfield code="a">AR-UNSa-BCEJYS</subfield>
    <subfield code="b">spa</subfield>
    <subfield code="c">AR-UNSa-BCEJYS</subfield>
  </datafield>
  <datafield tag="080" ind1=" " ind2=" ">
    <subfield code="a">658.8</subfield>
    <subfield code="x">Organizaci&#xF3;n de mercados. Marketing. Ventas. Distribuci&#xF3;n</subfield>
  </datafield>
  <datafield tag="245" ind1="1" ind2="0">
    <subfield code="a">Marketing</subfield>
  </datafield>
  <datafield tag="020" ind1=" " ind2=" ">
    <subfield code="a">978-607-32-1420-9</subfield>
  </datafield>
  <datafield tag="250" ind1=" " ind2=" ">
    <subfield code="a">14a. ed.</subfield>
  </datafield>
  <datafield tag="264" ind1=" " ind2="1">
    <subfield code="a">M&#xE9;xico :</subfield>
    <subfield code="b">Pearson Educaci&#xF3;n</subfield>
    <subfield code="c">2012</subfield>
  </datafield>
  <datafield tag="300" ind1=" " ind2=" ">
    <subfield code="a">xxvi, 613 p.</subfield>
    <subfield code="c">27 cm.</subfield>
  </datafield>
  <datafield tag="505" ind1=" " ind2=" ">
    <subfield code="a">1, Marketing. Creaci&#xF3;n y captaci&#xF3;n de valor del cliente - 2. Empresa y estrategia de marketing. Asociaciones para establecer relaciones con el cliente - 3. An&#xE1;lisis del entorno de marketing - 4. Administraci&#xF3;n de la informaci&#xF3;n de marketing para conocer a los clientes - 5. Administraci&#xF3;n de la informaci&#xF3;n de marketing para conocer a los clientes - 6. Mercados de negocios y comportamiento de compras de negocios - 7. Estrategia de marketing impulsada por el cliente: creaci&#xF3;n de valor para los clientes meta - 8. Productos, servicios y marcas. Creaci&#xF3;n de valor para el cliente - 9. Desarrollo de nuevos productos y estrategias del ciclo de vida de los productos - 10. Comprensi&#xF3;n de la fijaci&#xF3;n de precios y obtenci&#xF3;n del valor del cliente - 11. Estrategias de fijaci&#xF3;n de precios - 12. Canales de marketing: transferencia de valor para el cliente - 13. Venta al menudeo y al mayoreo - 14. Comunicaci&#xF3;n de valor para el cliente: estrategia de comunicaci&#xF3;n de marketing integrada - 15. Publicidad y relaciones p&#xFA;blicas - 16. Ventas personales y promoci&#xF3;n de ventas - 17: Marketing directo y marketing en l&#xED;nea: establecimiento de relaciones directas con los clientes - 18. Creaci&#xF3;n de una ventaja competitiva - 19. El mercado global - 20. Marketing sustentable: &#xE9;tica y responsabilidad social</subfield>
  </datafield>
  <datafield tag="942" ind1=" " ind2=" ">
    <subfield code="c">BK</subfield>
  </datafield>
  <datafield tag="590" ind1=" " ind2=" ">
    <subfield code="a">niveau_biblio:m niveau_hierar:0</subfield>
  </datafield>
  <datafield tag="100" ind1="1" ind2=" ">
    <subfield code="a">Kotler, Philip</subfield>
  </datafield>
  <datafield tag="700" ind1="1" ind2=" ">
    <subfield code="a">Armstrong, Gary</subfield>
  </datafield>
  <datafield tag="700" ind1="1" ind2=" ">
    <subfield code="a">Pineda Ayala, Leticia Esther</subfield>
  </datafield>
  <datafield tag="700" ind1="1" ind2=" ">
    <subfield code="a">Merino, Mar&#xED;a Isabel</subfield>
  </datafield>
  <datafield tag="700" ind1="1" ind2=" ">
    <subfield code="a">Ascanio Rivera, Mar&#xED;a de la Luz Elo&#xED;sa</subfield>
  </datafield>
  <datafield tag="700" ind1="1" ind2=" ">
    <subfield code="a">Espinosa Reyna, Jos&#xE9; Habvi de Jes&#xFA;s</subfield>
  </datafield>
  <datafield tag="856" ind1="4" ind2="1">
    <subfield code="u">https://biblioeco.unsa.edu.ar/pmb/images/libros/Marketing (2012).jpg</subfield>
    <subfield code="y">Imagen de portada</subfield>
    <subfield code="q">image/jpeg</subfield>
  </datafield>
  <datafield tag="999" ind1=" " ind2=" ">
    <subfield code="c">1231</subfield>
    <subfield code="d">1231</subfield>
  </datafield>
  <datafield tag="952" ind1=" " ind2=" ">
    <subfield code="0">0</subfield>
    <subfield code="1">0</subfield>
    <subfield code="4">0</subfield>
    <subfield code="7">0</subfield>
    <subfield code="a">BCEJYS</subfield>
    <subfield code="b">BCEJYS</subfield>
    <subfield code="c">16</subfield>
    <subfield code="d">2026-04-07</subfield>
    <subfield code="l">0</subfield>
    <subfield code="o">658.8 K87 14ed.</subfield>
    <subfield code="p">L119733</subfield>
    <subfield code="r">2026-04-07 15:55:31</subfield>
    <subfield code="w">2026-04-07</subfield>
    <subfield code="y">L</subfield>
  </datafield>
  <datafield tag="952" ind1=" " ind2=" ">
    <subfield code="0">0</subfield>
    <subfield code="1">0</subfield>
    <subfield code="4">0</subfield>
    <subfield code="7">0</subfield>
    <subfield code="a">BCEJYS</subfield>
    <subfield code="b">BCEJYS</subfield>
    <subfield code="c">16</subfield>
    <subfield code="d">2026-04-07</subfield>
    <subfield code="l">0</subfield>
    <subfield code="o">658.8 K87 14ed.</subfield>
    <subfield code="p">L126687</subfield>
    <subfield code="r">2026-04-07 15:55:31</subfield>
    <subfield code="w">2026-04-07</subfield>
    <subfield code="y">L</subfield>
  </datafield>
  <datafield tag="952" ind1=" " ind2=" ">
    <subfield code="0">0</subfield>
    <subfield code="1">0</subfield>
    <subfield code="4">0</subfield>
    <subfield code="7">0</subfield>
    <subfield code="a">BCEJYS</subfield>
    <subfield code="b">BCEJYS</subfield>
    <subfield code="c">16</subfield>
    <subfield code="d">2026-04-07</subfield>
    <subfield code="l">0</subfield>
    <subfield code="o">658.8 K87 14ed.</subfield>
    <subfield code="p">L126688</subfield>
    <subfield code="r">2026-04-07 15:55:31</subfield>
    <subfield code="w">2026-04-07</subfield>
    <subfield code="y">L</subfield>
    <subfield code="z">CANTO UN POCO SUCIO</subfield>
  </datafield>
  <datafield tag="952" ind1=" " ind2=" ">
    <subfield code="0">0</subfield>
    <subfield code="1">0</subfield>
    <subfield code="4">0</subfield>
    <subfield code="7">0</subfield>
    <subfield code="a">BCEJYS</subfield>
    <subfield code="b">BCEJYS</subfield>
    <subfield code="c">16</subfield>
    <subfield code="d">2026-04-07</subfield>
    <subfield code="l">0</subfield>
    <subfield code="o">658.8 K87 14ed.</subfield>
    <subfield code="p">L126689</subfield>
    <subfield code="r">2026-04-07 15:55:31</subfield>
    <subfield code="w">2026-04-07</subfield>
    <subfield code="y">L</subfield>
    <subfield code="z">CANTO LATERAL Y SUPERIOR MANCHADO EN LA ESQUINA DERECHA - UN POCO H&#xDA;MEDO</subfield>
  </datafield>
</record>
